Statistics for HockeyAllsvenskan 2023/24 teams

Click here to take the quiz!

General Stats

  • This quiz has been taken 8 times
  • The average score is 4 of 14

Answer Stats

Final PositionTeam Name% Correct
6thBjörklöven
60%
7thBIK Karlskoga
40%
1stBrynäs IF
40%
3rdAIK Hockey
20%
9thAlmtuna IS
20%
4thDjurgårdens IF
20%
10thKalmar HC
20%
5thMora IK
20%
8thNybro Vikings IF
20%
13thÖstersunds IK
20%
2ndSödertälje SK
20%
12thTingsryds AIF
20%
11thVästerås IK
20%
14thVästerviks IK
20%

Score Distribution

Percentile by Number Answered

Percent of People with Each Score

Your Score History

You have not taken this quiz